|
|
|
|
| LEADER |
02480nam a2200481 a 4500 |
| 001 |
EBC3412692 |
| 003 |
MiAaPQ |
| 005 |
20200520144314.0 |
| 006 |
m o d | |
| 007 |
cr cn||||||||| |
| 008 |
110601s2011 bcc sb 001 0 eng d |
| 010 |
|
|
|z 2011411185
|
| 020 |
|
|
|z 0774819715
|
| 020 |
|
|
|z 9780774819725 (pbk.)
|
| 020 |
|
|
|z 9780774819718
|
| 020 |
|
|
|a 9780774819732 (electronic bk.)
|
| 020 |
|
|
|a 9780774819749 (electronic bk.)
|
| 020 |
|
|
|a 9780774819732 (electronic bk.)
|
| 035 |
|
|
|a (MiAaPQ)EBC3412692
|
| 035 |
|
|
|a (Au-PeEL)EBL3412692
|
| 035 |
|
|
|a (CaPaEBR)ebr10492772
|
| 035 |
|
|
|a (CaONFJC)MIL324556
|
| 035 |
|
|
|a (OCoLC)923448226
|
| 040 |
|
|
|a MiAaPQ
|c MiAaPQ
|d MiAaPQ
|
| 050 |
|
4 |
|a HD8039.I37
|b A34 2011
|
| 055 |
|
0 |
|a HD8039 I37
|b A34 2011
|
| 082 |
0 |
4 |
|a 331.11/91004
|2 22
|
| 245 |
0 |
0 |
|a Age, gender, and work
|h [electronic resource] :
|b small information technology firms in the new economy /
|c edited by Julie Ann McMullin.
|
| 260 |
|
|
|a Vancouver [B.C.] :
|b UBC Press,
|c c2011.
|
| 300 |
|
|
|a vi, 187 p.
|
| 504 |
|
|
|a Includes bibliographical references and index.
|
| 505 |
0 |
|
|a Gender, age and work in the new economy / Julie McMullin and Heather Dryburgh -- Methods / Emily Jovic, Julie McMullin and Tammy Duerden Comeau -- Firms as "gender regimes" : the experiences of women in IT workplaces / Gillian Ranson and Heather Dryburgh -- Variants of masculinity within masculinist IT workplace regimes / Tammy Duerden Comeau and Candace L. Kemp -- Negotiating work and family in the IT industry / Ingrid Arnet Connidis and Candace L. Kemp -- Generational and age discourse in IT firms / Julie McMullin, Emily Jovic and Tammy Duerden Comeau -- Aging and age discrimination in IT firms / Julie McMullin and Tammy Duerden Comeau -- Conclusion : inequality regimes and new economy work / Emily Jovic and Julie McMullin.
|
| 533 |
|
|
|a Electronic reproduction. Ann Arbor, MI : ProQuest, 2015. Available via World Wide Web. Access may be limited to ProQuest affiliated libraries.
|
| 650 |
|
0 |
|a Information services industry
|x Employees.
|
| 650 |
|
0 |
|a Small business.
|
| 650 |
|
0 |
|a Age and employment.
|
| 650 |
|
0 |
|a Sex role in the work environment.
|
| 650 |
|
0 |
|a Women computer industry employees.
|
| 650 |
|
0 |
|a Corporate culture.
|
| 655 |
|
4 |
|a Electronic books.
|
| 700 |
1 |
|
|a McMullin, Julie Ann,
|d 1965-
|
| 710 |
2 |
|
|a ProQuest (Firm)
|
| 856 |
4 |
0 |
|u https://ebookcentral.proquest.com/lib/matrademy/detail.action?docID=3412692
|z Click to View
|